000 00490cam a2200193ua 4500
020 _a0-7069-9830-8
_c85.00
041 _aeng
_h
082 _a519.062
_bVER/EN
100 _aVerma, P D S .
245 _aEngineering mathematics /
_cP D S Verma.
_hTextual Documents
250 _a1 /
_b.
260 _aNew Delhi :
_bVikas publishing house pvt ltd ,
_c1995.
300 _a256 ; .
365 _a85.00
504 _a
942 _cBK
999 _c9844
_d9844